000 00839nam a2200253Ia 4500
003 OSt
005 20220923211645.0
006 a|||||r|||| 00| 0
007 ta
008 220922b |||||||| |||| 00| 0 san d
024 _a40,430
037 _cTextual
040 _aARTS
_cARTS
_bsan
041 _2san
_asan
082 _aO15:gxH35,1, L8.1-.2
100 _aकविराज, विश्वनाथ
_9156292
245 0 _aसाहित्यदर्पणः
246 _aSāhityadarpaṇah
260 _aदिल्ली
_b भारतीय विधा प्रकाशन
_c1978
300 _a152पृ.
_ccm.
650 _aसंस्कृत साहित्य
942 _hO15:gxH35,1, L8.1-.2
_cTEXL
_2CC
999 _c302256
_d302256